00922nam a2200181 i 450000100060000000300090000600500170001500700030003200800410003510000210007624503450009726000630044230000220050570000530052785200220058099900170060295201210061980689ES-MaACL20250928121400.0t|041029s1999 sp ||||1| spa d1 aHolde, D.96399710aTraité d'analyse des huiles minerales des matières grasses des goudrons et bitumes et des produits dérivés comprenant une étude speciale des huiles de graissage / cpar D. Holde ; édition française publiée d'aprés la deuxieme édition allemande augmentée et mise au courant des travaux les plusrécents par L. Gautier. aParis : b[s.n.], c1909 (eSaint-Amand : fImp. Bussiere) a527 p. ; c25 cm.1 aGautier, Léopold-Alexandre, d1838-19..956052 aES-MaACLjG-14048 c80689d80689 00104070aATENEOMbATENEOMcSPP3d2008-01-17eSCl0oG-14048p1084359r2023-02-23 00:00:00w2023-02-23yMONOGRAFIA